Educación del transeúnte
Guardado en:
| Formato: | Libro |
|---|---|
| Publicado: |
Buenos Aires :
Ministerio de Educación, Ciencia y Tecnología,
2007
|
| Series: | Colección Educ.ar: No. 16
|
| Materias: | |
| Etiquetas: |
Agregar Etiqueta
Sin Etiquetas, Sea el primero en etiquetar este registro!
|
| LEADER | 00725nam a22001935a 4500 | ||
|---|---|---|---|
| 001 | CEM.cems012796 | ||
| 005 | 20080310085750.0 | ||
| 008 | 130507s2007##################000#0#####d | ||
| 003 | CEMS | ||
| 020 | |a 9789872242473 | ||
| 082 | 0 | 4 | |a CD370 |
| 245 | 0 | 0 | |a Educación del transeúnte |
| 260 | |a Buenos Aires : |b Ministerio de Educación, Ciencia y Tecnología, |c 2007 | ||
| 300 | |a 1 CD-ROM | ||
| 490 | 0 | |a Colección Educ.ar: No. 16 | |
| 505 | 0 | |a Un conjunto de recursos y textos que, teniendo como eje la seguridad vial, acercan a la comunidad educativa conocimientos básicos para la educación del transeúnte | |
| 653 | |a Educación | ||
| 653 | |a Vial-educación | ||
| 859 | |a CEMS |b BIB. CEMS - 11 de abril |h CD370 |i Ar37 |p 2182.44 |t Ej.1 |v 16 |3 16 | ||
